ბათუმის შოთა რუსთაველის სახელმწიფო უნივერსიტეტის ბიბლიოთეკა

Travailler en francais en entreprise : (ბიბ.ჩანაწერი № 50834)

000 -LEADER
fixed length control field 00886nam a2200253Ia 4500
001 - CONTROL NUMBER
control field 17788
003 - CONTROL NUMBER IDENTIFIER
control field GE_BSU
005 - DATE AND TIME OF LATEST TRANSACTION
control field 20200224122843.0
008 - FIXED-LENGTH DATA ELEMENTS--GENERAL INFORMATION
fixed length control field 181216s2009 xx |||||||||||||| ||fre||
020 ## - INTERNATIONAL STANDARD BOOK NUMBER
International Standard Book Number 9782278062614
040 ## - CATALOGING SOURCE
Transcribing agency GE_BSU
041 ## - LANGUAGE CODE
Language code of text/sound track or separate title fre
080 ## - UNIVERSAL DECIMAL CLASSIFICATION NUMBER
Universal Decimal Classification number 811.133.1 Ch-51
100 ## - MAIN ENTRY--PERSONAL NAME
Personal name Cherifi, Soade.
9 (RLIN) 7391
245 ## - TITLE STATEMENT
Title Travailler en francais en entreprise :
Remainder of title 2. Niveaux A2/B1 du CECR. + CD audio-rom : Methode de francais sur objectifs specifiques /
Statement of responsibility, etc. Soade Cherifi ; Giradeau Bruno ; Mistichelli Marrion.
264 ## - PRODUCTION, PUBLICATION, DISTRIBUTION, MANUFACTURE, AND COPYRIGHT NOTICE
Place of production, publication, distribution, manufacture Paris :
Name of producer, publisher, distributor, manufacturer Didier,
Date of production, publication, distribution, manufacture, or copyright notice 2009.
300 ## - PHYSICAL DESCRIPTION
Extent 160 p.:
Dimensions 27 cm.
Accompanying material + CD audio-rom
653 ## - INDEX TERM--UNCONTROLLED
keyword Methode de francais sur objectifs specifiques
653 ## - INDEX TERM--UNCONTROLLED
keyword Travailler en francais en entreprise
653 ## - INDEX TERM--UNCONTROLLED
keyword ფრანგული ენა
700 ## - ADDED ENTRY--PERSONAL NAME
Personal name Giradeau, Bruno
9 (RLIN) 7392
700 ## - ADDED ENTRY--PERSONAL NAME
Personal name Mistichelli, Marrion
9 (RLIN) 7393
942 ## - ADDED ENTRY ELEMENTS (KOHA)
Koha item type წიგნი
Source of classification or shelving scheme
ეგზემპლარები
Withdrawn status Lost status Source of classification or shelving scheme Damaged status Not for loan Permanent Location Current Location Shelving location Date acquired Full call number Barcode Date last seen Price effective from Koha item type
          ბათუმის შოთა რუსთაველის სახელმწიფო უნივერსიტეტის მთავარი ბიბლიოთეკა ბათუმის შოთა რუსთაველის სახელმწიფო უნივერსიტეტის მთავარი ბიბლიოთეკა წიგნსაცავი 2018-12-17 811.133.1 Ch-51 45672 2018-12-17 2018-12-17 წიგნი